History Quiz

Random History or Clickable Quiz

Did He Live in the 18th Century? Quiz Stats

Quiz Updated Jan 13, 2015

Challenge
Share
Tweet
Embed
Score 0/15 Timer 04:00
4 Plays Today
% Correct
George Washington
90.3%
Thomas Jefferson
89.7%
Napoleon Bonaparte
88.2%
Ludwig van Beethoven
82.3%
Wolfgang Amadeus Mozart
82.2%
Adam Smith
69.8%
Tsar Peter the Great
68.9%
Jean-Jacques Rousseau
67.9%
% Correct
Georg Friedrich Händel
67.7%
Isaac Newton
66.2%
Johann Wolfgang von Goethe
65.2%
James Cook
64.4%
Immanuel Kant
56.8%
James Watt
52.6%
Montesquieu
50.3%

You're not logged in!

Compare scores with friends on all Sporcle quizzes.
Sign Up with Email
OR
Log In

You Might Also Like...

Show Comments

Extras

Top Quizzes Today


Score Distribution

Your Account Isn't Verified!

In order to create a playlist on Sporcle, you need to verify the email address you used during registration. Go to your Sporcle Settings to finish the process.